| 000 | 00312nam a2200121Ia 4500 | ||
|---|---|---|---|
| 008 | 240731s9999 xx 000 0 und d | ||
| 022 | _a1947-248X | ||
| 245 | 0 | _aParliaments, Estates and Representation | |
| 260 | _bRoutledge | ||
| 856 | _uhttps://www.tandfonline.com/loi/rper20 | ||
| 942 | _2ddc | ||
| 942 | _cTFEJ | ||
| 999 |
_c78865 _d78865 |
||
| 945 |
_a1 _bMadushi Gamage _c1 _dMadushi Gamage |
||